Atlas of Cutaneous Lymphomas Classification and Differential Diagnosis /

The integration of clinical findings, laboratory results, and disease progression is critical for the diagnosis and treatment of patients with skin lymphoma. This atlas includes numerous clinical and histological images with diagrams, tables, and text describing each type of lymphoma in the current...

Full description

Bibliographic Details
Corporate Author: SpringerLink (Online service)
Other Authors: Carter, Joi B. (Editor), Goyal, Amrita (Editor), McDivitt Duncan, Lyn (Editor)
Format: Electronic eBook
Language:English
Published: Cham : Springer International Publishing : Imprint: Springer, 2015.
Subjects:
Online Access:Full Text via HEAL-Link
LEADER 04126nam a22004815i 4500
001 978-3-319-17217-0
003 DE-He213
005 20150621041943.0
007 cr nn 008mamaa
008 150620s2015 gw | s |||| 0|eng d
020 |a 9783319172170  |9 978-3-319-17217-0 
024 7 |a 10.1007/978-3-319-17217-0  |2 doi 
040 |d GrThAP 
050 4 |a RL1-803 
072 7 |a MJK  |2 bicssc 
072 7 |a MED017000  |2 bisacsh 
082 0 4 |a 616.5  |2 23 
245 1 0 |a Atlas of Cutaneous Lymphomas  |h [electronic resource] :  |b Classification and Differential Diagnosis /  |c edited by Joi B. Carter, Amrita Goyal, Lyn McDivitt Duncan. 
264 1 |a Cham :  |b Springer International Publishing :  |b Imprint: Springer,  |c 2015. 
300 |a XIII, 214 p. 104 illus. in color.  |b online resource. 
336 |a text  |b txt  |2 rdacontent 
337 |a computer  |b c  |2 rdamedia 
338 |a online resource  |b cr  |2 rdacarrier 
347 |a text file  |b PDF  |2 rda 
505 0 |a History and Genesis of the EORTC/WHO Lymphoma classification -- Beyond the routine processing: immunohistochemistry, in situ hybridization and genetic analysis -- Mycosis fungoides -- MF variants and subtypes -- Folliculotropic MF -- Pagetoid reticulosis -- Granulomatous slack skin -- Sézary syndrome -- Adult T-cell leukemia/lymphoma -- Primary cutaneous CD30+ lymphoproliferative disorders -- Primary cutaneous anaplastic large cell lymphoma -- Lymphomatoid papulosis -- Subcutaneous panniculitis-like T-cell lymphoma -- Extranodal NK/T-cell lymphoma, nasal type -- Primary cutaneous peripheral T-cell lymphoma, rare subtypes -- Primary cutaneous CD8-positive aggressive epidermotropic cytotoxic T-cell lymphoma -- Primary cutaneous gamma-delta T-cell lymphoma -- Primary cutaneous CD4-positive small/medium T-cell lymphoma -- Extranodal marginal zone lymphoma of mucosa-associated lymphoid tissue (MALT) -- Primary cutaneous follicle centre lymphoma -- Primary cutaneous diffuse large B-cell lymphoma, leg type -- Intravascular large B-cell lymphoma -- Blastic Plasmacytoid Dendritic Cell Neoplasm -- Clinical mimics of T cell lymphomas -- Clinical mimics of B cell lymphomas -- Histopathologic mimics of cutaneous T cell lymphoma -- Histopathologic mimics of cutaneous B cell lymphoma -- Glossary. 
520 |a The integration of clinical findings, laboratory results, and disease progression is critical for the diagnosis and treatment of patients with skin lymphoma. This atlas includes numerous clinical and histological images with diagrams, tables, and text describing each type of lymphoma in the current cutaneous classification scheme, which includes information on the recent classification scheme for cutaneous lymphoma published by the World Health Organization and the European Organization for Research and Treatment of Cancer Cutaneous Lymphoma Group.   Atlas of Cutaneous Lymphomas: Classification and Differential Diagnosis includes chapters on synonyms, clinical features (presentation, prognosis, and treatment), laboratory findings (histopathology, immunophenotype, and molecular), differential diagnosis, and presentation of clinical cases for each diagnostic entity. In addition, chapters are included on T-cell lymphomas, B-cell lymphomas, ancillary techniques including immunohistochemistry and molecular tests, and a glossary of terms. This book will help clarify the classification of cutaneous lymphoma and will serve as a useful tool for physicians involved in the diagnosis and treatment of patients with cutaneous lymphoma. 
650 0 |a Medicine. 
650 0 |a Dermatology. 
650 0 |a Oncology. 
650 0 |a Pathology. 
650 1 4 |a Medicine & Public Health. 
650 2 4 |a Dermatology. 
650 2 4 |a Oncology. 
650 2 4 |a Pathology. 
700 1 |a Carter, Joi B.  |e editor. 
700 1 |a Goyal, Amrita.  |e editor. 
700 1 |a McDivitt Duncan, Lyn.  |e editor. 
710 2 |a SpringerLink (Online service) 
773 0 |t Springer eBooks 
776 0 8 |i Printed edition:  |z 9783319172163 
856 4 0 |u http://dx.doi.org/10.1007/978-3-319-17217-0  |z Full Text via HEAL-Link 
912 |a ZDB-2-SME 
950 |a Medicine (Springer-11650)